Titanium dioxide based resistive switching devices / (Record no. 525245)

000 -LEADER
fixed length control field 00448nam a22001577a 4500
003 - CONTROL NUMBER IDENTIFIER
control field NUST
038 ## - RECORD CONTENT LICENSOR
Staff Name Mr. Zahoor
082 ## - DEWEY DECIMAL CLASSIFICATION NUMBER
Classification number 621.3
100 ## - MAIN ENTRY--PERSONAL NAME
Personal name Hussain, Mansoor
9 (RLIN) 15989
245 ## - TITLE STATEMENT
Title Titanium dioxide based resistive switching devices /
Statement of responsibility, etc. Mansoor Hussain
260 ## - PUBLICATION, DISTRIBUTION, ETC.
Place of publication, distribution, etc. Islamabad :
Name of publisher, distributor, etc. CEME - NUST,
Date of publication, distribution, etc. 2017.
300 ## - PHYSICAL DESCRIPTION
Extent 62 p. : ill. ;
Dimensions 30 cm.
500 ## - GENERAL NOTE
General note Hardcover.
600 ## - SUBJECT ADDED ENTRY--PERSONAL NAME
Personal name Electrical Engineering - MS Thesis.
9 (RLIN) 15630
942 ## - ADDED ENTRY ELEMENTS (KOHA)
Source of classification or shelving scheme
Koha item type Thesis
Holdings
Withdrawn status Lost status Source of classification or shelving scheme Damaged status Not for loan Permanent Location Current Location Shelving location Date acquired Total Checkouts Full call number Barcode Date last seen Price effective from Koha item type
          Central Library (CL) Central Library (CL) Thesis 06/28/2019   621.3 CL-T-215 06/30/2019 06/28/2019 Thesis
© 2023 Central Library, National University of Sciences and Technology. All Rights Reserved.